| 000 | 00658nam a2200169 i 4500 | ||
|---|---|---|---|
| 001 | bg | ||
| 245 | 0 |
_aSystematyczny Wykaz Wyrobów SWW. _nT. 1 / _c[oprac. Główny Urząd Statystyczny, Ośrodek Badawczo-Rozwojowy Systemu Państwowej Informacji Statystycznej]. |
|
| 250 | _aWyd.4. | ||
| 260 |
_aGdańsk : _bOśrodek Doradztwa i Doskonalenia Kadr, _c1994. |
||
| 300 | _c23 cm. | ||
| 501 | _aPrzedruk w całości: Systematyczny Wykaz Wyrobów GUS. Wyd.4 Zakład Wydawnictw Statystycznych GUS Warszawa 1994 r. | ||
| 650 | 9 | _aSWW |[Systematyczny Wykaz Wyrobów] | |
| 040 | _cBPK | ||
| 041 | _apl | ||
| 942 | _cKA | ||
| 008 | s pl f |000 0 pol | ||
| 999 |
_c24132 _d24132 |
||
| 856 |
_uhttp://koha.tu.koszalin.pl/cgi-bin/koha/opac-detail.pl?biblionumber=24132 _yKatalog online BPK |
||